000 00882nam a22002537i 4500
999 _c23534
_d23534
003 AR-CdUCM
008 260227b20212021 pe||||| |||| 00| 0 eng d
020 _a978-612-4224-89-8
040 _aMUNICIPALIDAD PROVINCIAL DEL CUSCO
_cBIBLIOTECA MUNICIPAL DEL CUSCO
041 _hspa
082 _aEP / 567.91
_bD78
110 _aEBIOLIBROS S.A.C.
_952354
245 _aDinosaurios del Perú y otros animales prehistóricos /
260 _aLima :
_bEBIOLIBROS S.A.C.
_c2021
300 _a101 páginas. :
_c24x25 cm.
505 _aEl mundo de los dinosaurios para pequeños -- Origen de los dinosaurios y estudio de los dinosaurios -- Visita a los principales museos
650 _aDinosaurios
_952355
650 _aFósiles
_952356
650 _aInfografias
_952357
650 _aMuseos
_952358
856 _fwww.ebolibros.com
942 _2ddc
_cLIBROS
945 _apbjr
_d27-02-2026